000 00318 a2200157 4500
001 64110
020 _a9788501403261
040 _cAnchieta - Pituba
100 _aGarcia, Kami
240 1 0 _aDezenove luas
_lpor
245 1 0 _aDezenove luas
300 _a313p.
362 0 _a2014
650 4 _aRomance
942 _cBK
999 _c64110
_d64110